00403nam a2200181Ia 4500003000400000005001700004006001900021007000300040008004100043024001000084037001200094040002000106041001300126082001500139100002100154245003700175260000900212OSt20220928141759.0a|||||r|||| 00| 0 ta220927b |||||||| |||| 00| 0 eng d a17682 cTextual aSDCLcSDCLbeng 2engaeng aWvM5, H2.1 aFoster Michael B 0aMasters of political thought.V1. c1942